000 01046nas a2200337 4500
001 BR0300280
003 BR-BrBNA
005 20231205103505.0
007 ta
008 230509b bl.|||p| |||| 00| 00por d
040 _aBR-BrBNA
_bpor
_cBiblioteca Nacional de Agricultura
041 _a(Pt)
072 _aH20; F06
100 1 _aTalamini, V.
100 1 _aSouza, P.E. de
100 1 _aPozza, E.A.
100 1 _aSilva, A.M. da
100 1 _aFilho, J.S. de S. B.
245 1 _aProgresso da ferrugem e da cercosporiose do cafeeiro (Coffea arabica L.)em diferentes lâminas de irrigação e diferentes parcelamentos de adubação
650 _aCAFÉ
650 _aFERRUGEM
650 _aIRRIGAÇÃO
650 _aFERTIRRIGAÇÃO
650 _aADUBAÇÃO
650 _aDOENÇA DE PLANTA
650 _aCERCOSPORIOSE
650 _aEPIDEMIOLOGIA
773 0 _tCiência e Agrotecnologia (Brazil)
_xISSN 1413-7054
_g(Jan-Feb 2001), v. 25(1) p. 55-62
_wBR0300280
909 _a202311
_bLúcia
_c55
_dLúcia Elande
942 _2AGRIS
_n0
_cANA
999 _c173149
_d173149